000 00301 a2200109 4500
020 _a0415394430
082 _a624.15132 MOG
100 _aMogi, Kiyoo
245 _aExperimental Rock Mechanics/
_cKiyoo Mogi
260 _aLondon :
_bTaylor and Francis Group,
_c2006
300 _axiv, 361p. :
_bill. ;
_c25 cm
650 _aRock Mechanics
999 _c1029
_d1029